000 00758nas a2200253 4500
001 BR9212989
003 BR-BrBNA
005 20231205095206.0
007 ta
008 230509b bl.|||p| |||| 00| 00por d
040 _aBR-BrBNA
_bpor
_cBiblioteca Nacional de Agricultura
041 _a(Pt)
072 _aH10
100 1 _aSantos, J.H.R. dos
100 1 _aMamede, F.B.F.
100 1 _aAlves, J.F.
245 1 _aInfluencia do ataque de tripes sobre a producao da cultura da soja, Glycine max (L.)Merr.
650 _aSoja
650 _aPraga de Planta
650 _aTrips
773 0 _tCiencia Agronomica (Brazil)
_xISSN 0045-6888
_g(Jan-Jun 1980), v. 10(1) p. 65-68
_wBR9212989
909 _a202311
_bLúcia
_c55
_dLúcia Elande
942 _2AGRIS
_n0
_cANA
999 _c149195
_d149195